000 01315cam a2200289 a 4500
001 15870568
003 OSt
005 20150408113957.0
008 111213s2009 nyu b 001 0 eng
020 _a9780199208999 (case)
040 _aDLC
_cMU
050 0 0 _aPE1591
_b.H55 2009
082 _221
_a423.1
_bH I T
245 0 0 _aHistorical thesaurus of the Oxford English dictionary :
_bwith additional material from "A Thesaurus of Old English" /
_c[edited by] Christian Kay... [et al.].
260 _aOxford ;
_aNew York :
_bOxford University Press,
_cc2009.
300 _a2 v. ;
_c29 cm.
504 _aIncludes bibliographical references and index.
505 0 _av. 1. Thesaurus -- v. 2. Index.
650 0 _aEnglish language
_xSynonyms and antonyms
_vDictionaries.
_98047
650 0 _aEnglish language
_xSynonyms and antonyms
_xHistory
_vDictionaries.
_98048
700 1 _aKay, Christian.
_98049
700 1 2 _aKay, Christian.
_tThesaurus of Old English.
_98050
740 0 _aOxford English dictionary.
906 _a7
_bcbc
_corignew
_d2
_eepcn
_f20
_gy-gencatlg
942 _2ddc
_cDVD
999 _c19625
_d254125